Представление документа в формате RUSMARC

ПолеНазваниеЗначение
  Тип записи a
  Библиографический уровень m
001 Контрольный номер UONB/MAIN/187f815d8e424b69892b6afd52c57961
005 Дата корректировки 20260513130635.9
010 Индекс ISBN __
b Уточнения в пер.
d Цена 1 р. 5 к.
9 Тираж 5000 экз.
100 Данные общей обработки __
a Данные общей обработки 20260513d1975 u u0rusy0189 ca
101 Язык документа 0_
a Язык текста rus
102 Страна публикации __
a Страна публикации RU
105 Кодированные данные (монография) __
a Кодированные данные (монография) a z 001yy
200 Заглавие и сведения об ответственности 1_
a Заглавие Технология механической обработки и сборки
210 Выходные данные 1_
d Дата издания 1975
215 Физическое описание __
a Объем 232 с.
c Иллюстрации/тип воспроизводства ил.
320 Библиография __
a Библиография Библиогр. в конце ст.
461 Уровень набора _0
1 2001
a Производство крупных машин
e сборник статей
f Уралмашзавод, Научно-исследовательский институт тяжелого машиностроения
v Вып. 25
1 2101
a Москва
c Машиностроение
d 1962-1975
1 001UONB/MAIN/79c46cdac5a543ba958758687bd3360e
1 203
a Текст
b визуальный
c непосредственный
1 215
d 22 см
606 Тематические рубрики 0_
a Основная рубрика Машиностроение тяжелое
j Формальный подзаголовок Сборники
606 Тематические рубрики 0_
a Основная рубрика Механическая обработка
j Формальный подзаголовок Сборники
610 Ключевые слова 0_
a Ключевые слова машиностроение; машиностроение тяжелое; технология механической обработки; технология механической сборки; механическая обработка
675 Индекс УДК __
a Индекс УДК 6П5.4
686 Индексы других классификаций __
2 Код системы rubbk
a Классификационный индекс 34.5
801 Источник записи _0
a Страна RU
b Организация Ульяновская ОНБ
c Дата составления 20260513
g Правила каталогизации RCR
801 Источник записи _1
a Страна RU
b Организация Ульяновская ОНБ
c Дата составления 20260513
g Правила каталогизации RCR
901 Тип документа __
t Тип документа n
w Контрольный № источника UONB/MAIN/79c46cdac5a543ba958758687bd3360e
909 Создатель записи __
a Создатель записи Горбункова
b Дата создания записи 20260513